| 000 | 00715 a2200205 4500 | ||
|---|---|---|---|
| 010 | _aENG-85313 | ||
| 020 |
_a007060102X _c130.00 |
||
| 035 | _aEN-68846 | ||
| 037 | _bD.B.Act / Pub | ||
| 082 | 1 | 4 | _a070.449 9332 |
| 090 |
_c2034 _d2034 |
||
| 100 | 1 | _aSaito-Chung, David | |
| 245 | 1 |
_aInvestor's business daily _cby David Saito-Chung _bhow IBD rewrote the rules of investing and business news |
|
| 260 |
_aNew Delhi _bTata Mcgrawhill Publishing _c2006 |
||
| 270 |
_a7, West Patel Nagar _bNew Delhi _e110 008 |
||
| 300 |
_axx, 162 p. _c23 cm. (Pbk.) |
||
| 500 | _aIncludes index | ||
| 942 |
_adpl _cEN _k070.449332 / SAI |
||
| 999 |
_c2000 _d2000 |
||